000 00968cam a2200289 4500
001 609
003 BD-RjUL
005 20211208233215.0
008 131118s1971 enk b 000 0 eng d
020 _a0902571168
035 _a(BD-RjUL)627
040 _aDLC
_cDLC
_dBD-RjUL
_beng
041 _aeng
082 0 0 _a023.5
_216
_bWEI 1971
100 1 _aWeeraperuma, Susunaga.
_91860
245 1 0 _aIn-service training in librarianship:
_ba scrutiny of current practices with proposals for reform /
_cSusunaga Weeraperuma
260 _aLondon:
_bPoets and Painters Press [Distributed by Mr. S. Weeraperuma]
_cc1971.
300 _a40 p. :
_c22 cm.
350 _a£1.00
504 _aIncludes bibliographical references.
650 0 _aLibrary education (Continuing education)
_91861
650 0 _aLibrary employees
_xIn-service training.
_91862
856 _3Worldcat details
_uhttp://www.worldcat.org
942 _2ddc
_cBK
999 _c609
_d609